00773nam a2200241Ia 450000500170000000800410001702000150005804100080007310000360008124500750011725000220019230000250021465000270023965000300026665000290029670000320032526400400035733600270039733700330042433800280045704000350048508400110052020220316235726.0121119s1984 sp gr 000 p spa  a84717512671 aspa1 aHolderlin, Friedrichd1770-184310aPoesía completabFriedrich Holderlin ; traducción, Federico Gorbea aPrimera edición a2 volúmenesc19 cm14aPoesía alemana2LEMB14aHéroesvPoesías2LEMB14aLiteratura alemana2LEMB1 aGorbea, Federicoetraductor aBarcelonabLibros Río Nuevoc1984 atextobtxt2rdacontent asin mediaciónbn2rdamedia avolumenbnc2rdacarrier aCO-BoRNBPbspaerdacCO-BoRNBP aP HOL2